00420nam a2200205Ia 4500003000900000008004100009040001300050040001300063041000800076100001700084245002700101250001100128260001400139260000900153300001100162300000800173300001000181490001700191490000600208IT-RoPAU120407s9999 xx 000 0 und d aIT-RoPAU cIT-RoPAU aita aIrving Adler aCome comincia la vita. aMilano aLonganesi c1969 a197 p. bill c18 cm aPocket, 192 v1